000
00310nam a2200133Ia 4500
008
191201s2011 xx 000 0 und d
082
_a
005.133
_b
RAC
100
_a
RAJARAMAN,V
245
0
_a
Computer Programming in C
250
_a
Rep
260
_c
2011
_b
PHI
_a
NEW DELHI
300
_a
363
942
_2
ddc
_c
BK
_0
11
999
_c
7765
_d
7765